00486nam a2200193 a 4500001001300000003000900013005001700022008004100039020001000080082001500090100001900105245004000124260002300164300000800187500003500195505001700230650002600247700001900273nice12345678IN_TiNIC20260116011503.0050524s1908 laha grp 000 0 urd  ac10000a232.1bATH aAthanasius, St aKalamullah Ke Tajassum Ke Bayan Men aLahorebSpckc1908 a72p aincludes index and biblioraphy2 abibliography aJesus Christ-Divinity1 aAthanasius, St